Представление документа в формате RUSMARC

ПолеНазваниеЗначение
  Тип записи a
  Библиографический уровень m
001 Контрольный номер 322fd23b247a4b00908eff4042400818
005 Дата корректировки 20251219142515.3
010 Индекс ISBN __
a ISBN 978-985-575-511-2
9 Тираж 700 экз.
b Уточнения в пер.
d Цена 600-00
100 Данные общей обработки __
a Данные общей обработки 20250318d2023 me y0bely028902 ca
101 Язык документа 0_
a Язык текста bel
102 Страна публикации __
a Страна публикации BY
105 Кодированные данные (монография) __
a Кодированные данные (монография) y z 000ay
181 Поле кодированных данных: вид содержания _0
a Код вида содержания (ISBD) i
182 Поле кодированных данных: тип средства _0
a Код типа средства (ISBD) n
200 Заглавие и сведения об ответственности 1_
a Заглавие Любi блiжняга свайго...
e Сведения, относящиеся к заглавию раман-версiя
f Первые сведения об ответственности Уладзiмiр Гаурыловiч
d Параллельное заглавие Люби ближнего своего
z Язык параллельного заглавия rus
203 Вид содержания и тип средства __
a Вид содержания Текст
c Тип средства непосредственный
210 Выходные данные 1_
a Место издания Мiнск
c Издательство Звязда
d Дата издания 2023
215 Физическое описание __
a Объем 246, [1] с.
d Формат 22 см
300 Общие примечания __
a Общие примечания Текст на белорусском языке
300 Общие примечания __
a Общие примечания Дар от членов делегации из Республики Беларусь, посетивших г. Сургут в рамках автопробега "Брест-Сургут" (июнь 2024 г.)
330 Аннотация __
a Аннотация Героі новага рамана-версії вдомага беларускага пісьменніка Уладзіміра Гаурылові-ча - працягу рамана-версі « а веры вашай...», адзначанага у 2023 г. Нацыянальнай літаратурнай прэміяй у галіне прозы, — разумеюць, што у кожнага чалавека зауседы есць права выбару. Нават у самыя страшныя хвіліны жыцця застаюцца як мінімум два рашэнні. Часам гэта выбар паміж смерцю, якая дазваляє захаваць гонар і сумленне, і догім жыццём у страху, што калі-небудзь стане вядома пра тое, якім коштам яно набытае. А яще паміж сумленнасцю і зарадай, верай і нявер?ем... Айтар сцвярджае: чалавек створаны Богам для шчасця, а не для вынішчення сабе падобных. Для шырокага кола чытачой.
333 Примечание о целевом назначении __
a Примечание о целевом назначении 16+. Для детей старше 16 лет
606 Тематические рубрики __
a Основная рубрика Художественная литература
2 Код системы nlr_sh
606 Тематические рубрики __
2 Код системы nlr_sh
a Основная рубрика Литература Европы (произведения)
y Географическая подрубрика Беларусь
y Географическая подрубрика Белоруссия
y Географическая подрубрика Республика Беларусь
610 Ключевые слова 1_
a Ключевые слова романы
610 Ключевые слова 1_
a Ключевые слова тема нравственного выбора
610 Ключевые слова 0_
a Ключевые слова тема нравственности
610 Ключевые слова 0_
a Ключевые слова тема любви
610 Ключевые слова 0_
a Ключевые слова тема выбора
610 Ключевые слова 0_
a Ключевые слова тема морального выбора
610 Ключевые слова 0_
a Ключевые слова белорусская литература
610 Ключевые слова 0_
a Ключевые слова современная белорусская литература
610 Ключевые слова 0_
a Ключевые слова тема веры
610 Ключевые слова 0_
a Ключевые слова тема религии
686 Индексы других классификаций __
2 Код системы rubbks
a Классификационный индекс 84(4Беи)6-4
700 Автор _1
a Фамилия Гаурыловiч
b Имя У. М.
g Полное личное имя Уладзiмiр Мiкалаевiч
4 Код отношения 070
801 Источник записи _0
b Организация Муниципальное бюджетное учреждение культуры "Централизованная библиотечная система" г. Сургут (Центральная городская библиотека им. А. С. Пушкина)
a Страна RU
c Дата составления 20250318
g Правила каталогизации PSBO
801 Источник записи _1
b Организация Муниципальное бюджетное учреждение культуры "Централизованная библиотечная система" г. Сургут (Центральная городская библиотека им. А. С. Пушкина)
a Страна RU
c Дата составления 20250318
g Правила каталогизации PSBO
852 Данные о местонахождении 5_
i Авторский знак Г 24
j Шифр хранения 84(4Беи)6-4
900 Макрообъекты __
a Макрообъекты Любi блiжняга свайго... = Люби ближнего своего. Гаурыловiч, У. М., 2023
901 Тип документа __
a Ответственный КиК/Котельникова
t Тип документа m
903 Характеристики (МАРС) __
a Дата передачи 20250318
c Наименование библиотеки (МАРС) Муниципальное бюджетное учреждение культуры "Централизованная библиотечная система" г. Сургут (Центральная городская библиотека им. А. С. Пушкина)
990 Данные о заказе (DOS) __
j Количество экземпляров (DOS) 1
t N записи в КСУ для И/У (DOS) 202503